| 000 | 01414cam a22003734a 4500 | ||
|---|---|---|---|
| 001 | 16926944 | ||
| 003 | OSt | ||
| 005 | 20170105102909.0 | ||
| 008 | 110818s2012 enka b 001 0 eng | ||
| 010 | _a 2011034945 | ||
| 020 | _a9780415683708 (hbk.) | ||
| 020 | _a041568370X (hbk.) | ||
| 020 | _a9780203126974 (ebook) | ||
| 020 | _a0203126971 (ebook) | ||
| 035 | _a(OCoLC)ocn711041533 | ||
| 040 |
_aDLC _cDLC _dBTCTA _dYDXCP _dBWX _dINU _dDLC |
||
| 042 | _apcc | ||
| 050 | 0 | 0 |
_aJF799 _b.S62 2012 |
| 082 | 0 | 0 |
_a323.042 _223 _bSOC 2012 |
| 245 | 0 | 0 |
_aSocial media and democracy : _binnovations in participatory politics / _cedited by Brian D. Loader and Dan Mercea. |
| 260 |
_aLondon ; _aNew York : _bRoutledge, _c2012. |
||
| 300 |
_axi, 275 p. : _bill. ; _c24 cm. |
||
| 490 | 1 |
_aRoutledge research in political communication ; _v6 |
|
| 504 | _aIncludes bibliographical references (p. [241]-270) and index. | ||
| 650 | 0 |
_aPolitical participation _xTechnological innovations. |
|
| 650 | 0 |
_aCommunication in politics _xTechnological innovations. |
|
| 650 | 0 |
_aSocial media _xPolitical aspects. |
|
| 700 | 1 |
_aLoader, Brian, _d1958- |
|
| 700 | 1 |
_aMercea, Dan, _d1980- |
|
| 830 | 0 |
_aRoutledge research in political communication ; _v6. |
|
| 906 |
_a7 _bcbc _corignew _d1 _eecip _f20 _gy-gencatlg |
||
| 942 |
_2ddc _cBK |
||
| 999 |
_c15005 _d15005 |
||